000 00230nam a22000857a 4500
008 160718b xxu||||| |||| 00| 0 eng d
100 _92994
_a Chhibber, S.N., et al
245 _aTextbook of Mathematics
260 _aNew Delhi
_bArya
_c2007
999 _c2557
_d2557